Normal view MARC view
  • Hernández Grajales, Gregorio de Jesús

Entry Nombre Personal

Number of records used in: 1

001 - NUMERO DE CONTROL

  • campo de control: 48808

003 - IDENTIFICADOR DE NUMERO DE CONTROL

  • campo de control: UPN

005 - FECHA Y HORA DE LA ÜLTIMA TRANSACCIÓN

  • campo de control: 20230508131037.0

008 - DATOS DE LONGITUD FIJA

  • campo de control de longitud fija: 230508nn acznnaabn a aaa d

040 ## - FUENTE DE CATALOGACIÓN

  • Agencia original de catalogación: MX-MxUPN
  • Lenguaje de catalogación: spa

100 1# - ENCABEZAMIENTO - NOMBRE PERSONAL

  • Nombre personal: Hernández Grajales, Gregorio de Jesús

400 1# - VEÁSE - NOMBRE DE PERSONA

  • Personal name: Grajales, Gregorio de Jesús Hernández

670 ## - FUENTE EN LA QUE SE LOCALIZARON DATOS

  • Cita de la fuente: La entidad donde vivo, 2012:
  • Información localizada: reverso de la portada (Gregorio de Jesús Hernández Grajales)

902 ## - CATALOGADOR

  • Catalogador: VíctorGodínez/080523